000
00186 a2200097 4500
020
_a
9802570265
041
_a
spa
100
_a
Morella Fuenmayor
245
_a
La pajara Pinta
942
_c
K
999
_c
28813
_d
28813